000 00788nam a2200241 a 4500
001 000023519
005 20200930022258.0
008 101210s1969 mx a r 001 0 spa d
040 _aDO-SdBNP
_bspa
_cBNPHU
082 _axxx
_bV945i
100 1 _aVon Hagen, Víctor W.
_948475
245 1 4 _aLos incas :
_bPueblo del sol /
_cVíctor W. Von Hagen ; traducción Carlos de Villegas.
250 _a3a ed.
260 _aMéxico, D. F. :
_bJoaquín Mortiz,
_c1969.
300 _a127 p. :
_bil. ;
_c19 cm.
490 1 _aCulturas básicas del mundo
500 _aIncluye índice analítico.
500 _aIncluye bibliografía p. 125.
534 _aThe incas, people of the sun
700 1 _aVillegas, Carlos,
_etr.
_945471
830 0 _aCulturas básicas del mundo
_948476
049 _aBNGR
999 _c23015
_d23015